[Event "Chigorin Memorial 2016"]
[Site "St Petersburg RUS"]
[Date "2016.10.16"]
[Round "2.181"]
[White "Maltsevskaya, Anna"]
[Black "Grishaev, Igor"]
[Result "0-1"]
[WhiteElo "1243"]
[BlackElo "1956"]
[WhiteFideId "34127191"]
[BlackFideId "4197925"]
[EventDate "2016.10.15"]

1. e4 c5 2. c3 Nf6 3. Nf3 Nxe4 4. d4 e6 5. Bd3 d5 6. Nbd2 Nxd2 7. Bxd2 c4 8. Bc2
Be7 9. Qe2 Nc6 10. Ne5 Nxe5 11. Qxe5 Bf6 12. Qh5 Bd7 13. g4 Qb6 14. Rb1 O-O-O
15. O-O h6 16. b4 Qd6 17. a4 g6 18. Qh3 h5 19. g5 e5 20. Qf3 Be7 21. dxe5 Qe6
22. Bf4 Qg4+ 23. Qxg4 hxg4 24. Be3 Rh3 25. Kg2 Rdh8 26. Rh1 d4 27. Bf4 Bc6+ 28.
Kg1 Rxc3 29. Bd1 Bxh1 30. Bxg4+ Kd8 31. Kxh1 Rh4 32. h3 Rxg4 33. hxg4 Rf3 34.
Bg3 Bxg5 35. Rd1 Rd3 36. Re1 Rxg3 37. fxg3 d3 38. Kg2 d2 39. Rd1 c3 40. e6 fxe6
41. Kf2 c2 42. Ke2 c1=Q 43. Rxd2+ Qxd2+ 44. Kf1 Be3 45. g5 Qf2# 0-1

[Event "Chigorin Memorial 2016"]
[Site "St Petersburg RUS"]
[Date "2016.10.16"]
[Round "2.183"]
[White "Kurbanov, Sergey"]
[Black "Scheglov, Dmitry"]
[Result "0-1"]
[WhiteElo "1198"]
[BlackElo "1953"]
[WhiteFideId "54198704"]
[BlackFideId "34145750"]
[EventDate "2016.10.15"]

1. e4 e6 2. d4 d5 3. e5 c5 4. c3 Qb6 5. Nf3 Nc6 6. Bd3 Bd7 7. Bc2 cxd4 8. cxd4
Nb4 9. Nc3 Nxc2+ 10. Qxc2 Ne7 11. O-O Rc8 12. Rd1 Nf5 13. a3 Be7 14. b4 O-O 15.
Ng5 h6 16. g4 hxg5 17. gxf5 exf5 18. Qb2 Be6 19. Qb3 Rc4 20. Na4 Qc7 21. Bb2 Rc8
22. Nc5 b6 23. Nxe6 fxe6 24. Rac1 b5 25. Rxc4 dxc4 26. Qc3 Qc6 27. Re1 Qe8 28.
Bc1 Qh5 29. Qg3 f4 30. Qg2 Kf7 31. f3 Qh7 32. Rd1 Rd8 33. Qe2 Qf5 34. Kg2 Rd7
35. Kg1 Bd8 36. Bb2 Bb6 37. Bc3 Rd8 38. Kh1 Ke7 39. Kg2 Qh7 40. Kh1 Qh3 41. Qg2
Qh4 42. Be1 Rxd4 43. Qe2 Qh3 44. Rxd4 Bxd4 45. Bf2 Bxe5 46. Bxa7 g4 47. fxg4 f3
48. Qf2 Qxg4 49. Bc5+ Kf7 50. Qf1 Qg2+ 51. Qxg2 fxg2+ 52. Kxg2 Bb2 53. Kf3 Bxa3
54. Kf4 Bb2 55. Ke3 e5 56. Kd2 Bd4 57. Bd6 g5 58. Ke2 g4 59. Kd2 Ke6 60. Bf8 Bg1 0-1

[Event "Chigorin Memorial 2016"]
[Site "St Petersburg RUS"]
[Date "2016.10.17"]
[Round "3.8"]
[White "Nguyen, Piotr"]
[Black "Khalifman, Alexander"]
[Result "1/2-1/2"]
[WhiteTitle "IM"]
[BlackTitle "GM"]
[WhiteElo "2418"]
[BlackElo "2617"]
[WhiteFideId "1127993"]
[BlackFideId "4100115"]
[EventDate "2016.10.15"]

1. f4 d5 2. Nf3 Nf6 3. g3 g6 4. Bg2 Bg7 5. O-O O-O 6. d3 c5 7. Nc3 d4 8. Na4
Nbd7 9. c4 Rb8 10. Rb1 b5 11. cxb5 Rxb5 12. Bd2 Nd5 13. Rc1 Bb7 14. b3 e6 15.
Qe1 Qe7 16. Qf2 N7b6 17. Nxb6 axb6 18. Ne5 Ra8 19. Rc2 Nc3 20. Bxc3 dxc3 21. e3
Bxe5 22. fxe5 Bxg2 23. Qxg2 Rba5 24. a4 b5 25. axb5 Rb8 26. Rxc3 Raxb5 27. Qc2
Qg5 28. d4 cxd4 29. exd4 Qd8 30. Qf2 Qd7 31. Rfc1 Rxb3 32. Rc7 Qe8 33. Rf1 Rb1
34. Qxf7+ Qxf7 35. Rxf7 Rxf1+ 36. Rxf1 Rb4 37. Rf6 Rxd4 38. Rxe6 Re4 39. Kf2 Kf7
40. Kf3 Re1 41. Rf6+ Kg7 42. Re6 Kf7 43. Rf6+ Kg7 44. Re6 Kf7 1/2-1/2

[Event "Chigorin Memorial 2016"]
[Site "St Petersburg RUS"]
[Date "2016.10.17"]
[Round "3.45"]
[White "Bajarani, Ulvi"]
[Black "Dimitrova, Aleksandra"]
[Result "0-1"]
[WhiteTitle "GM"]
[BlackTitle "WFM"]
[WhiteElo "2512"]
[BlackElo "2269"]
[WhiteFideId "13403028"]
[BlackFideId "24173371"]
[EventDate "2016.10.15"]

1. d4 Nf6 2. c4 e6 3. Nc3 Bb4 4. e3 O-O 5. Ne2 d5 6. a3 Be7 7. cxd5 exd5 8. Nf4
c6 9. Bd3 a5 10. O-O Na6 11. Bc2 Nc7 12. f3 c5 13. Nce2 Re8 14. g4 Ne6 15. Rb1
Bd6 16. Nxe6 Bxe6 17. dxc5 Bxc5 18. Qd3 g6 19. b4 axb4 20. axb4 Bb6 21. Nd4 Qd6
22. Bd1 Bd7 23. Bd2 Qe5 24. Rf2 h5 25. gxh5 Qxh5 26. Rc1 Rec8 27. Bc3 Ra3 28.
Qd2 Qh4 29. Be2 Bh3 30. Bf1 Bxf1 31. Rfxf1 Re8 32. Rce1 Nd7 33. Kh1 Rea8 34. Bb2
Ra2 35. Qc3 Qf6 36. f4 Bxd4 37. Qxd4 Rxb2 0-1

[Event "Chigorin Memorial 2016"]
[Site "St Petersburg RUS"]
[Date "2016.10.17"]
[Round "3.52"]
[White "Vlasenko, Miroslav"]
[Black "Cherednichenko, Dmitrij"]
[Result "1-0"]
[WhiteTitle "IM"]
[BlackTitle "FM"]
[WhiteElo "2422"]
[BlackElo "2231"]
[WhiteFideId "4151887"]
[BlackFideId "44111436"]
[EventDate "2016.10.15"]

1. d4 Nf6 2. c4 e6 3. Nc3 Bb4 4. e3 O-O 5. Ne2 d5 6. a3 Be7 7. Nf4 dxc4 8. Bxc4
c5 9. d5 exd5 10. Ncxd5 Nxd5 11. Nxd5 Bd6 12. O-O Nc6 13. f4 Be6 14. e4 Nd4 15.
Be3 b5 16. Bxd4 bxc4 17. Bc3 f5 18. Ne3 fxe4 19. f5 Qg5 20. Qxd6 Qxe3+ 21. Kh1
Bf7 22. Rf4 Bh5 23. Qd5+ Kh8 24. f6 gxf6 25. Rxf6 1-0

[Event "Chigorin Memorial 2016"]
[Site "St Petersburg RUS"]
[Date "2016.10.17"]
[Round "3.91"]
[White "Anu, Bayar"]
[Black "Shchukin, Dmitry"]
[Result "1/2-1/2"]
[WhiteTitle "WFM"]
[BlackTitle "IM"]
[WhiteElo "2038"]
[BlackElo "2300"]
[WhiteFideId "4901339"]
[BlackFideId "4121724"]
[EventDate "2016.10.15"]

1. d4 Nf6 2. c4 e6 3. Nc3 Bb4 4. e3 O-O 5. Bd3 c5 6. Ne2 d5 7. O-O Nc6 8. a3
Bxc3 9. bxc3 Qc7 10. cxd5 exd5 11. Ng3 Re8 12. a4 b6 13. Ba3 Bg4 14. Qc2 c4 15.
Bf5 g6 16. Bxg4 Nxg4 17. Rae1 h5 18. h3 Nxe3 19. fxe3 Qxg3 20. e4 Nxd4 21. Qd2
Ne6 22. Rf3 Qg5 23. Qxd5 Qxd5 24. exd5 Ng5 25. Rfe3 Rxe3 26. Rxe3 Rd8 27. h4 Nh7
28. d6 Nf6 29. Re7 Rd7 30. Kf2 Kf8 31. Rxd7 Nxd7 32. Ke3 a6 33. Kd4 Ke8 34. Kxc4
Nb8 35. Kd5 Kd7 36. Ke5 b5 37. axb5 axb5 38. Kf6 Ke8 39. Ke5 Kd7 40. Kf6 Ke8 41.
Ke5 Kd7 1/2-1/2

[Event "Chigorin Memorial 2016"]
[Site "St Petersburg RUS"]
[Date "2016.10.17"]
[Round "3.100"]
[White "Zavgorodniaya, Alena"]
[Black "Kuzmin, Egor"]
[Result "1-0"]
[BlackTitle "FM"]
[WhiteElo "2011"]
[BlackElo "2259"]
[WhiteFideId "4169956"]
[BlackFideId "24101737"]
[EventDate "2016.10.15"]

1. e4 c5 2. Nf3 d6 3. Bb5+ Nd7 4. d4 cxd4 5. Qxd4 e5 6. Qd3 Nf6 7. Nc3 a6 8. Bc4
Nc5 9. Qe2 Be7 10. Bg5 O-O 11. h3 b5 12. Bxf6 Bxf6 13. Bd5 Rb8 14. Qe3 b4 15.
Ne2 Qc7 16. O-O Na4 17. Rac1 Nb6 18. Bb3 Nc4 19. Bxc4 Qxc4 20. Rfd1 Bb7 21. Ng3
Qxa2 22. Rxd6 Be7 23. Nf5 Rfe8 24. b3 Qb2 25. Rd7 Bf6 26. Nd6 Re7 27. Nc4 Qxc1+
28. Qxc1 Rxd7 29. Nfxe5 Bxe5 30. Nxe5 Re7 31. Qf4 Rbe8 32. Nd3 Rxe4 33. Qc7 Ba8
34. Qa5 Re2 35. Nxb4 R2e5 36. Qa4 Rd8 37. Nd3 Re6 38. Qa5 Rde8 39. Nf4 Rf6 40.
Nh5 Rg6 41. Nf4 Rd6 42. c4 h6 43. f3 Rd4 44. Nh5 Rd1+ 45. Kf2 Rd6 46. Qc3 Rg6
47. Ng3 Rg5 48. h4 Rge5 49. Qd4 Bb7 50. b4 Bc8 51. Ne4 Bf5 52. Nd6 R8e6 53. g4
Re2+ 54. Kg3 Bc2 55. Qa7 Rf6 56. g5 hxg5 57. hxg5 Rfe6 58. Qxf7+ Kh7 59. Ne4
R2xe4 60. fxe4 Rxe4 61. Qf5+ Kg8 62. Qc8+ Kh7 63. Qxa6 Re5 64. b5 Rxg5+ 65. Kf4
Rf5+ 66. Ke3 Bb3 67. b6 Rf6 68. c5 Kh6 69. Qd3 1-0

[Event "Chigorin Memorial 2016"]
[Site "St Petersburg RUS"]
[Date "2016.10.17"]
[Round "3.130"]
[White "Drogovoz, Irina"]
[Black "Pogorelskikh, Sofia"]
[Result "1-0"]
[WhiteTitle "WIM"]
[WhiteElo "2144"]
[BlackElo "1717"]
[WhiteFideId "4176715"]
[BlackFideId "44164548"]
[EventDate "2016.10.15"]

1. d4 Nf6 2. c4 g6 3. Nc3 Bg7 4. Bg5 c5 5. d5 d6 6. e4 O-O 7. Bd3 Qa5 8. Ne2 e6
9. O-O exd5 10. cxd5 Bg4 11. f3 Bd7 12. Qb3 Qc7 13. f4 Na6 14. a4 Nb4 15. Bc4
Rfe8 16. e5 Ng4 17. e6 fxe6 18. dxe6 Bc6 19. Nb5 Bxb5 20. Bxb5 Qb6 21. Qg3 c4+
22. Kh1 Ne3 23. Bxe8 Rxe8 24. f5 Nxf5 25. Rxf5 gxf5 26. Bf6 Qc7 27. Nf4 Kh8 28.
Nh5 Bxf6 29. Nxf6 Rf8 30. Qc3 Qg7 31. e7 Qxe7 32. Nd5+ Qe5 33. Nxb4 Qxc3 34.
bxc3 Re8 35. Rd1 Re3 36. Nd5 Re2 37. h3 Ra2 38. Rb1 Rd2 39. Ne3 Rd3 40. Nxc4
Rxc3 41. Nxd6 b6 42. Nxf5 Rc5 43. Rf1 Ra5 44. Rf4 b5 45. axb5 Rxb5 46. Kh2 Rb3
47. Rc4 Kg8 48. Rc8+ Kf7 49. Rc7+ Kf6 50. Nd4 Rd3 51. Nf3 1-0

[Event "Chigorin Memorial 2016"]
[Site "St Petersburg RUS"]
[Date "2016.10.17"]
[Round "3.143"]
[White "Yun, Vyacheslav"]
[Black "Zaika, Daniil"]
[Result "1-0"]
[WhiteElo "1766"]
[BlackElo "2038"]
[WhiteFideId "34126667"]
[BlackFideId "44131186"]
[EventDate "2016.10.15"]

1. e4 e6 2. c4 c6 3. Nc3 d5 4. exd5 exd5 5. cxd5 cxd5 6. d4 Nc6 7. Bb5 Bb4 8.
Nf3 Ne7 9. O-O O-O 10. h3 Bf5 11. Bg5 f6 12. Bf4 Bxc3 13. bxc3 Na5 14. Re1 Rc8
15. Nh4 Be4 16. f3 Ng6 17. fxe4 Nxh4 18. Qg4 f5 19. exf5 Nxf5 20. Re5 g6 21.
Rae1 Nc6 22. Re6 Qa5 23. Bd3 Qxc3 24. Bxf5 Rxf5 25. Rxg6+ hxg6 26. Qxg6+ Kh8 27.
Qh6+ Kg8 28. Qe6+ 1-0

[Event "Chigorin Memorial 2016"]
[Site "St Petersburg RUS"]
[Date "2016.10.17"]
[Round "3.148"]
[White "Stepanov, Ivan"]
[Black "Fomin, Andrey"]
[Result "0-1"]
[WhiteElo "1760"]
[BlackElo "2150"]
[WhiteFideId "44163541"]
[BlackFideId "4162447"]
[EventDate "2016.10.15"]

1. Nf3 d5 2. d4 Nc6 3. g3 Bg4 4. Bg2 Qd7 5. O-O Bh3 6. Nc3 Bxg2 7. Kxg2 e6 8.
Bf4 a6 9. a3 h6 10. e4 dxe4 11. Nxe4 O-O-O 12. Ne5 Qd5 13. Nxf7 Qxe4+ 14. f3 Qf5
15. Nxh8 g5 16. Be3 Bg7 17. c3 Bxh8 18. f4 g4 19. Qe2 Nge7 20. Bf2 Ng6 21. Rae1
Rd6 22. Qe4 Bf6 23. Qxf5 exf5 24. Re2 Kd7 25. Rd1 Nge7 26. Red2 b6 27. b4 Nd5
28. Rd3 b5 29. a4 Nce7 30. axb5 axb5 31. Ra1 Rc6 32. Be1 Nc8 33. Ra5 Nd6 34. h3
h5 35. hxg4 hxg4 36. Kf1 Rb6 37. Ke2 Nc4 38. Ra2 Be7 39. Kf2 Rh6 40. Kg1 Re6 41.
Kf2 Nd6 42. Ra5 Kc6 43. Ra8 Nb6 44. Rh8 Kd5 45. Re3 Ne4+ 46. Kg2 Kc4 47. Re8 Nd5
48. Re2 Kd3 49. Ra2 Nef6 50. Rb8 Rxe1 51. Rxb5 Nxc3 52. Ra3 Ne4 53. Rxf5 Bxb4
54. Ra7 Bd6 55. Rfa5 Re2+ 56. Kg1 Ke3 57. Re5 Bxe5 58. dxe5 Nd2 0-1

[Event "Chigorin Memorial 2016"]
[Site "St Petersburg RUS"]
[Date "2016.10.18"]
[Round "4.7"]
[White "Swayams, Mishra"]
[Black "Khismatullin, Denis"]
[Result "0-1"]
[WhiteTitle "IM"]
[BlackTitle "GM"]
[WhiteElo "2472"]
[BlackElo "2617"]
[WhiteFideId "5028183"]
[BlackFideId "4142578"]
[EventDate "2016.10.15"]

1. d4 Nf6 2. c4 e6 3. Nc3 Bb4 4. f3 c5 5. d5 O-O 6. e4 Re8 7. Ne2 d6 8. Nf4 exd5
9. cxd5 a6 10. Be2 Nbd7 11. O-O Ne5 12. Nd3 Nxd3 13. Bxd3 b5 14. Bc2 c4 15. Be3
Nd7 16. a4 Rb8 17. axb5 axb5 18. Kh1 Bc5 19. Bxc5 Nxc5 20. Ne2 b4 21. Ba4 Nxa4
22. Rxa4 Bd7 23. Ra1 Bb5 24. Nd4 Qb6 25. Nxb5 Qxb5 26. Qa4 Qxa4 27. Rxa4 Rec8
28. Kg1 b3 29. Rb1 f5 30. Kf2 fxe4 31. fxe4 c3 32. Ke3 c2 33. Rc1 Kf7 34. Ra7+
Kf6 35. Ra6 Ke5 36. Ra7 Kf6 37. Ra6 Rd8 38. Rf1+ Kg6 39. e5 Kg5 40. Rxd6 Rxd6
41. exd6 Rd8 42. Kd4 Rxd6 43. Kc4 Rb6 44. Kc3 Rb8 45. Rc1 Kf6 46. Kd4 Rc8 47.
Ke4 Ke7 48. Kd3 Kd6 49. Kd2 Rc5 0-1

[Event "Chigorin Memorial 2016"]
[Site "St Petersburg RUS"]
[Date "2016.10.18"]
[Round "4.23"]
[White "Gordievsky, Dmitry"]
[Black "Shuvalova, Polina"]
[Result "1/2-1/2"]
[WhiteTitle "IM"]
[BlackTitle "WFM"]
[WhiteElo "2555"]
[BlackElo "2393"]
[WhiteFideId "24112798"]
[BlackFideId "24171760"]
[EventDate "2016.10.15"]

1. Nf3 Nf6 2. g3 g6 3. b3 Bg7 4. Bb2 d5 5. c4 O-O 6. Bg2 c5 7. cxd5 Qxd5 8. Nc3
Qd6 9. Rc1 Bd7 10. O-O Bc6 11. Ba3 e5 12. e3 Bh6 13. Qe2 Nbd7 14. Rfd1 Rfe8 15.
h3 b6 16. d3 Rad8 17. Qf1 Nb8 18. Rb1 Qc7 19. Bb2 Qb7 20. Ne1 Bxg2 21. Qxg2 Nc6
22. a3 Rd7 23. Ba1 Bg7 24. b4 cxb4 25. axb4 b5 26. g4 h6 27. Rdc1 e4 28. dxe4
Bf8 29. g5 hxg5 30. Qxg5 Re6 31. Nf3 a6 32. Qh4 Bg7 33. Ng5 Re8 34. Nd5 Ne5 35.
Bxe5 Rxe5 36. f4 Rxe4 37. Nxf6+ Bxf6 38. Qh7+ Kf8 39. Qh6+ Bg7 40. Qh4 Rxe3 41.
Rc2 Red3 42. Re1 Rd1 43. Re2 Rxe1+ 44. Rxe1 Qb6+ 45. Kf1 Rd8 46. f5 Qd4 47. Qxd4
Rxd4 48. fxg6 Bf6 1/2-1/2

[Event "Chigorin Memorial 2016"]
[Site "St Petersburg RUS"]
[Date "2016.10.18"]
[Round "4.67"]
[White "Biriukov, Oleg V."]
[Black "Schetchikov, Vladimir"]
[Result "1-0"]
[WhiteTitle "IM"]
[BlackTitle "FM"]
[WhiteElo "2327"]
[BlackElo "1967"]
[WhiteFideId "4123174"]
[BlackFideId "4131193"]
[EventDate "2016.10.15"]

1. d4 Nf6 2. c4 e6 3. Nc3 b6 4. e4 Bb7 5. Bd3 Bb4 6. Qc2 c5 7. d5 e5 8. Ne2 d6
9. O-O Bxc3 10. Qxc3 Nbd7 11. Ng3 g6 12. f4 Qe7 13. fxe5 Qxe5 14. Bf4 Qxc3 15.
bxc3 Ke7 16. Bg5 h6 17. Bh4 Bc8 18. Rad1 g5 19. Nf5+ Kf8 20. Bg3 Ne8 21. Nxd6 f6
22. Nxc8 Rxc8 23. e5 Kg7 24. e6 Nf8 25. Bf5 Ng6 26. d6 1-0

[Event "Chigorin Memorial 2016"]
[Site "St Petersburg RUS"]
[Date "2016.10.18"]
[Round "4.123"]
[White "Vunder, Andrey"]
[Black "Ismailov, Ulugbek"]
[Result "1-0"]
[WhiteElo "2147"]
[BlackElo "1895"]
[WhiteFideId "4128338"]
[BlackFideId "13803620"]
[EventDate "2016.10.15"]

1. d4 Nf6 2. Nf3 d5 3. Bf4 e6 4. e3 c5 5. c3 Bd6 6. Nbd2 Nc6 7. Bg3 O-O 8. Bd3
b6 9. O-O Bb7 10. Ne5 Ne7 11. Qb1 Rc8 12. f4 g6 13. Bh4 Nf5 14. Bxf6 Qxf6 15.
Nd7 Qe7 16. Nxf8 Nxe3 17. Rf3 cxd4 18. Nxg6 hxg6 19. cxd4 Qf6 20. Nb3 Nc4 21. g3
Na5 22. Kg2 Nxb3 23. axb3 a5 24. Qg1 Bc5 25. dxc5 Qxb2+ 26. Kh1 d4 27. c6 Bxc6
28. Rf1 Bb7 29. Qf2 Qxb3 30. Qxd4 Rc3 31. Be4 Bxe4 32. Qxe4 b5 33. Rxc3 Qxc3 34.
Rd1 Kh7 35. g4 a4 36. f5 exf5 37. gxf5 g5 38. h4 Qh3+ 39. Kg1 Qg3+ 40. Qg2 Qxh4
41. Qh2 a3 42. Qxh4+ gxh4 43. Rd6 b4 44. Ra6 f6 45. Ra4 Kh6 46. Rxb4 Kg5 47. Ra4
a2 48. Kg2 Kxf5 49. Rxa2 Kg5 50. Kh3 f5 51. Ra4 1-0

[Event "Chigorin Memorial 2016"]
[Site "St Petersburg RUS"]
[Date "2016.10.18"]
[Round "4.141"]
[White "Slugin, Yaroslav"]
[Black "Shadunts, Kirill"]
[Result "1/2-1/2"]
[WhiteElo "2081"]
[BlackElo "1787"]
[WhiteFideId "34142913"]
[BlackFideId "34152781"]
[EventDate "2016.10.15"]

1. d4 d5 2. Nf3 Nf6 3. c3 c5 4. Bf4 Nc6 5. e3 Qb6 6. Qc1 Bf5 7. Nbd2 e6 8. Be2
Be7 9. O-O O-O 10. Ne5 Nxe5 11. Bxe5 Ne4 12. f3 Nxd2 13. Qxd2 Bd6 14. Bxd6 Qxd6
15. g4 Bg6 16. Kg2 f5 17. f4 Be8 18. g5 Bc6 19. Rf3 Rac8 20. Qe1 Rc7 21. Qh4 b5
22. Rh3 g6 23. Qf2 a5 24. Rh6 b4 25. h4 Rg7 26. Rh1 Be8 27. h5 c4 28. hxg6 hxg6
29. Rh8+ Kf7 30. R8h7 Rg8 31. R1h6 Rxh7 32. Rxh7+ Rg7 33. Qh4 Qf8 34. Rh6 bxc3
35. bxc3 Qa3 36. Rxg6 Rxg6 37. Qh7+ Kf8 38. Bh5 Qxa2+ 39. Kg3 Qd2 40. Bxg6 Qxe3+
41. Kg2 Qe4+ 42. Kg3 Qe1+ 43. Kg2 Qe2+ 44. Kg1 Qg4+ 45. Kh1 Qf3+ 46. Kg1 Qg3+
47. Kh1 Qe1+ 48. Kg2 Qe2+ 49. Kg1 Qg4+ 50. Kh1 Qf3+ 51. Kg1 Qg3+ 52. Kh1 Bxg6
53. Qxg6 Qh4+ 54. Kg2 Qg4+ 55. Kh1 Qf3+ 56. Kg1 Qd1+ 57. Kg2 Qd2+ 58. Kg1 Qe3+
59. Kg2 a4 60. Qf6+ Ke8 61. Qg6+ Ke7 62. Qg7+ Ke8 1/2-1/2

[Event "Chigorin Memorial 2016"]
[Site "St Petersburg RUS"]
[Date "2016.10.18"]
[Round "4.146"]
[White "Valov, Vasilii"]
[Black "Volkov, Roman"]
[Result "0-1"]
[WhiteElo "1779"]
[BlackElo "2067"]
[WhiteFideId "44147856"]
[BlackFideId "34191442"]
[EventDate "2016.10.15"]

1. e4 e5 2. Nf3 Nc6 3. c3 d5 4. Qa4 f6 5. Bb5 Ne7 6. exd5 Qxd5 7. O-O e4 8. Bc4
Qa5 9. Qxa5 Nxa5 10. Bb5+ c6 11. b4 cxb5 12. Nd4 Nc4 13. Nxb5 Kd8 14. N1a3 Nxa3
15. Bxa3 Nc6 16. c4 Nxb4 17. Bxb4 Bxb4 18. Rfe1 a6 19. Nd4 Re8 20. Re2 Bg4 21.
Re3 Bc5 0-1

[Event "Chigorin Memorial 2016"]
[Site "St Petersburg RUS"]
[Date "2016.10.19"]
[Round "5.1"]
[White "Alekseev, Evgeny"]
[Black "Eliseev, Urii"]
[Result "1/2-1/2"]
[WhiteTitle "GM"]
[BlackTitle "GM"]
[WhiteElo "2636"]
[BlackElo "2606"]
[WhiteFideId "4138147"]
[BlackFideId "24131920"]
[EventDate "2016.10.15"]

1. e4 e5 2. Nf3 Nc6 3. Bc4 Bc5 4. c3 Nf6 5. d3 O-O 6. O-O d5 7. exd5 Nxd5 8. a4
Nb6 9. Bb5 Ne7 10. a5 c6 11. axb6 cxb5 12. Rxa7 Rxa7 13. bxa7 Bxa7 14. Nxe5 Bf5
15. Be3 Bb8 16. d4 f6 17. Nf3 Nd5 18. Re1 g5 19. Nfd2 Bg6 20. Nf1 h5 21. Qb3 Qd7
22. Na3 b4 23. Nc2 bxc3 24. bxc3 b5 25. Na3 b4 26. cxb4 Bf7 27. Qd3 Nxb4 28. Qb5
Qxb5 29. Nxb5 Rc8 30. Bd2 Nd5 31. Ne3 Nxe3 32. Bxe3 Be8 33. Na3 Bd6 34. Rc1
Rxc1+ 35. Bxc1 Bxa3 36. Bxa3 Bc6 37. f3 Kf7 38. Kf2 Ke6 39. Bc1 Bd5 40. Ba3 Bc6 1/2-1/2

[Event "Chigorin Memorial 2016"]
[Site "St Petersburg RUS"]
[Date "2016.10.19"]
[Round "5.2"]
[White "Khismatullin, Denis"]
[Black "Sengupta, Deep"]
[Result "0-1"]
[WhiteTitle "GM"]
[BlackTitle "GM"]
[WhiteElo "2617"]
[BlackElo "2570"]
[WhiteFideId "4142578"]
[BlackFideId "5008352"]
[EventDate "2016.10.15"]

1. c4 g6 2. e4 Bg7 3. d4 c5 4. Nf3 cxd4 5. Nxd4 Nc6 6. Be3 Nf6 7. Nc3 Ng4 8.
Qxg4 Nxd4 9. Qd1 Ne6 10. Qd2 b6 11. Be2 Bb7 12. O-O O-O 13. f3 Bc6 14. b4 d6 15.
Rac1 Qd7 16. Rfd1 Qb7 17. Nd5 Rfe8 18. f4 Nc7 19. b5 Bd7 20. a4 Rac8 21. a5 Nxd5
22. exd5 Rc7 23. Rc2 bxa5 24. Ra2 e5 25. Qxa5 Qc8 26. Bxa7 exf4 27. Rc1 f3 28.
gxf3 Bh6 29. Rc3 Bh3 30. Bf2 Rce7 31. Bd3 Re1+ 32. Bxe1 Qc5+ 0-1

[Event "Chigorin Memorial 2016"]
[Site "St Petersburg RUS"]
[Date "2016.10.19"]
[Round "5.4"]
[White "Smirin, Ilia"]
[Black "Pridorozhni, Aleksei"]
[Result "1/2-1/2"]
[WhiteTitle "GM"]
[BlackTitle "GM"]
[WhiteElo "2685"]
[BlackElo "2579"]
[WhiteFideId "2801990"]
[BlackFideId "4127870"]
[EventDate "2016.10.15"]

1. e4 e5 2. Nf3 Nc6 3. Bb5 Nf6 4. d3 Bc5 5. c3 d6 6. O-O O-O 7. Bg5 h6 8. Bh4 g5
9. Bg3 Bg4 10. Nbd2 Nh5 11. Bxc6 bxc6 12. Qa4 Nxg3 13. hxg3 Qe8 14. d4 Bb6 15.
Rfe1 exd4 16. Nxd4 c5 17. Qxe8 Rfxe8 18. Nf5 Bxf5 19. exf5 d5 20. g4 c4 21. Nf1
Kf8 22. Ng3 Rad8 23. Nh5 Rxe1+ 24. Rxe1 Rd6 25. Kf1 d4 26. Ng3 dxc3 27. bxc3 Rd2
28. Re2 Rd1+ 29. Re1 Rd2 30. Re2 Rd1+ 31. Re1 1/2-1/2

[Event "Chigorin Memorial 2016"]
[Site "St Petersburg RUS"]
[Date "2016.10.19"]
[Round "5.5"]
[White "Sjugirov, Sanan"]
[Black "Burmakin, Vladimir"]
[Result "1-0"]
[WhiteTitle "GM"]
[BlackTitle "GM"]
[WhiteElo "2660"]
[BlackElo "2545"]
[WhiteFideId "4189302"]
[BlackFideId "4105109"]
[EventDate "2016.10.15"]

1. e4 c6 2. d4 d5 3. e5 Bf5 4. Nf3 e6 5. Be2 Ne7 6. O-O Nc8 7. b3 Be7 8. c4 O-O
9. Nc3 Nd7 10. Bd3 Bxd3 11. Qxd3 Re8 12. Ne2 Nf8 13. Nf4 Nb6 14. Be3 dxc4 15.
bxc4 c5 16. d5 g5 17. Nxe6 fxe6 18. d6 g4 19. Nd2 Ng6 20. f4 gxf3 21. Rxf3 Bh4
22. Qc3 Nd7 23. Ne4 Ndxe5 24. Rff1 Qd7 25. Bh6 Qc6 26. Rf4 Rf8 27. Rxh4 Rf5 28.
Rg4 Raf8 29. Bxf8 Kxf8 30. Rd1 Ke8 31. d7+ Kd8 32. Qa5+ b6 33. Qxa7 Nxd7 34. Rd6
Qc7 35. Qxc7+ Kxc7 36. Rxe6 Nde5 37. Rg5 1-0

[Event "Chigorin Memorial 2016"]
[Site "St Petersburg RUS"]
[Date "2016.10.19"]
[Round "5.6"]
[White "Stupak, Kirill"]
[Black "Gajewski, Grzegorz"]
[Result "1/2-1/2"]
[WhiteTitle "GM"]
[BlackTitle "GM"]
[WhiteElo "2564"]
[BlackElo "2621"]
[WhiteFideId "13503758"]
[BlackFideId "1116207"]
[EventDate "2016.10.15"]

1. d4 Nf6 2. c4 e6 3. Nf3 d5 4. Bg5 Bb4+ 5. Nc3 h6 6. Bxf6 Qxf6 7. e3 O-O 8. Rc1
dxc4 9. Bxc4 c5 10. O-O cxd4 11. Ne4 Qe7 12. a3 Ba5 13. Qxd4 Rd8 14. Qe5 Bb6 15.
Rfd1 Bd7 16. Qd6 Nc6 17. Qxe7 Nxe7 18. Nd6 Bc6 19. Ne5 Rxd6 20. Rxd6 Bc7 21.
Rxc6 bxc6 22. Nd3 a5 23. Kf1 Bd6 24. Ke2 Rb8 25. g3 g5 26. f4 gxf4 27. gxf4 Kh7
28. Rc2 Rg8 29. Kf2 Nf5 30. Bb3 Bb8 31. Rxc6 Ba7 32. Rc7 Bxe3+ 33. Kf3 Rg7 34.
Bc2 Bd4 35. Ne5 Bxb2 36. Nc4 Bf6 37. Nxa5 Rg1 38. Bxf5+ exf5 39. Rxf7+ Kg6 40.
Rc7 Rf1+ 41. Ke3 Ra1 42. Nc4 1/2-1/2

[Event "Chigorin Memorial 2016"]
[Site "St Petersburg RUS"]
[Date "2016.10.19"]
[Round "5.7"]
[White "Romanov, Evgeny"]
[Black "Paravyan, David"]
[Result "1/2-1/2"]
[WhiteTitle "GM"]
[BlackTitle "IM"]
[WhiteElo "2619"]
[BlackElo "2528"]
[WhiteFideId "4148843"]
[BlackFideId "4194985"]
[EventDate "2016.10.15"]

1. d4 d5 2. c4 e6 3. Nf3 Nf6 4. g3 dxc4 5. Bg2 Nc6 6. Qa4 Bb4+ 7. Bd2 Nd5 8.
Bxb4 Nxb4 9. O-O Rb8 10. Na3 a6 11. Ne5 Qxd4 12. Bxc6+ Nxc6 13. Nxc6 bxc6 14.
Nxc4 O-O 15. Rfd1 Qc5 16. Rac1 Qb5 17. Qa3 c5 18. Rd3 Bb7 19. Rb3 Qc6 20. f3 Qd5
21. Ne3 Qd2 22. Rc2 Qe1+ 23. Kg2 c4 24. Nxc4 Bd5 25. Rxb8 Rxb8 26. Qxa6 Qb1 27.
Ne3 Qxa2 28. Qxa2 Bxa2 29. Rxc7 f6 30. Nd1 Bb3 31. Nf2 e5 32. Nd3 Bd5 33. Kf2 h6
34. e4 Ba2 35. Rc1 Bb3 36. Ke3 g5 37. Kd2 Kg7 38. Rc7+ Kg6 39. Nc5 Bf7 40. Kc2
Ra8 41. Rc6 Be8 42. Ra6 Rb8 43. Ra7 Bf7 44. Kc3 Rd8 45. Rd7 Ra8 46. Rd6 Be8 47.
Nd7 Rc8+ 48. Kd2 Bxd7 49. Rxd7 Rb8 50. Kc2 Rc8+ 51. Kb1 h5 52. h4 Rc6 53. Rd3
gxh4 54. gxh4 f5 55. b3 Rf6 56. exf5+ Rxf5 57. b4 1/2-1/2